000 00630nam a22002057a 4500
003 OSt
005 20251118141045.0
008 251118b |||||||| |||| 00| 0 eng d
020 _a978-007-125939-2.
040 _aDWCL-Main lib
_cOC
082 _28th ed.
_aCirc. 336 R813p 2008
100 _aHarvey S. Rosen
245 _aPublic Finance
_cHarvey S. Rosen
260 _aBoston :
_bMcgraw-Hill/Irwin,
_cc2008.
300 _axxvi, 596 pages :
_billustration ;
_c25 cm.
504 _aIncludes bibliographical references and index.
650 _21. Public Finance.
700 _aGayer, Ted
942 _2ddc
_cBK-CIRC
_e8th ed.
_kCirc.
_n0
999 _c5811
_d5811